[Event "WECU Championship"]
[Site "Exmouth"]
[Date "2005.03.26"]
[Round "4"]
[White "Woodruff, Adam C"]
[Black "Littlejohns, David P"]
[Result "0-1"]
[WhiteElo "1888"]
[BlackElo "2077"]
[PlyCount "112"]
[EventDate "2005.??.??"]

1. d4 d5 2. Nf3 Nf6 3. Bg5 Bf5 4. e3 c6 5. c3 Ne4 6. Bf4 e6 7. h3 Bd6 8. Bxd6
Qxd6 9. Nh4 Nd7 10. Nxf5 exf5 11. Nd2 Ndf6 12. Nf3 f4 13. Ne5 fxe3 14. fxe3 Nd7
15. Bd3 Nxe5 16. Bxe4 dxe4 17. dxe5 Qxe5 18. O-O O-O 19. Qb3 Qe7 20. Rf4 Kh8
21. Raf1 f6 22. Qa4 Rfe8 23. Rf5 b5 24. Qc2 Rad8 25. g4 Qd6 26. Qf2 Re5 27. Rf4
Kg8 28. h4 Rd5 29. g5 f5 30. Qg3 g6 31. Qh3 Rd1 32. h5 Rxf1+ 33. Rxf1 Rd7 34.
hxg6 hxg6 35. Kg2 Rh7 36. Qg3 Qxg3+ 37. Kxg3 Kf7 38. Rd1 Ke7 39. Kf4 Ke6 40.
Rd8 Rh4+ 41. Kg3 Rg4+ 42. Kf2 Rxg5 43. Ra8 Rh5 44. Kg2 g5 45. Rxa7 f4 46. a4
f3+ 47. Kg3 g4 48. axb5 Rxb5 49. b4 Rf5 50. Kf2 g3+ 51. Kf1 f2 52. Ra1 Rf3 53.
c4 Rxe3 54. Rb1 Re1+ 55. Rxe1 fxe1=Q+ 56. Kxe1 e3 0-1

[Event "WECU Championship"]
[Site "Exmouth"]
[Date "2005.03.26"]
[Round "4"]
[White "Bass, JW..."]
[Black "Bolt, G..."]
[Result "1/2-1/2"]
[WhiteElo "2102"]
[BlackElo "2114"]
[PlyCount "58"]
[EventDate "2005.??.??"]

1. d4 Nf6 2. Nf3 g6 3. c4 Bg7 4. Nc3 d5 5. cxd5 Nxd5 6. Bd2 O-O 7. Rc1 Nc6 8.
e3 e5 9. Nxd5 Qxd5 10. Bc4 Qd6 11. d5 e4 12. dxc6 exf3 13. Qxf3 bxc6 14. Bc3
Bxc3+ 15. Rxc3 Rb8 16. Bb3 c5 17. O-O Bb7 18. Qg3 Ba6 19. Rfc1 c4 20. Qxd6 cxd6
21. Bxc4 Bxc4 22. Rxc4 Rxb2 23. R4c2 Rfb8 24. Kf1 a5 25. Ke2 a4 26. Kd2 a3 27.
Rxb2 Rxb2+ 28. Rc2 Rb1 29. Rc1 Rb2+ 1/2-1/2

[Event "WECU Championship"]
[Site "Exmouth"]
[Date "2005.03.26"]
[Round "4"]
[White "Abbott, MV..."]
[Black "Evans, Paul"]
[Result "1-0"]
[WhiteElo "1824"]
[BlackElo "1904"]
[PlyCount "57"]
[EventDate "2005.??.??"]

1. d4 d5 2. c4 e6 3. Nc3 Be7 4. Nf3 Nf6 5. cxd5 exd5 6. Bg5 O-O 7. e3 Re8 8.
Bd3 h6 9. Bh4 Ne4 10. Bxe7 Rxe7 11. Qc2 c5 12. O-O Nxc3 13. Qxc3 c4 14. Bc2 a5
15. Ne5 b5 16. a3 Qb6 17. Qd2 Rea7 18. f4 Nc6 19. Rf3 Nxe5 20. fxe5 b4 21. Raf1
Ba6 22. R1f2 Rc7 23. e4 Bb7 24. exd5 Bxd5 25. Rg3 Rc6 26. Bf5 b3 27. e6 fxe6
28. Qxh6 Qxd4 29. Bh7+ 1-0

[Event "WECU Championship"]
[Site "Exmouth"]
[Date "2005.03.26"]
[Round "4"]
[White "Gosling, Brian GE"]
[Black "Taylor, Geoffrey P"]
[Result "1/2-1/2"]
[WhiteElo "2096"]
[BlackElo "2135"]
[PlyCount "110"]
[EventDate "2005.??.??"]

1. d4 d5 2. Nf3 Nf6 3. e3 Bf5 4. c4 c6 5. Nc3 e6 6. Bd3 Bxd3 7. Qxd3 Nbd7 8.
cxd5 exd5 9. O-O Be7 10. Re1 O-O 11. e4 dxe4 12. Nxe4 Nxe4 13. Qxe4 Re8 14. Bd2
Nf6 15. Qf5 Qd7 16. Qxd7 Nxd7 17. Re2 Bd6 18. Rae1 Rxe2 19. Rxe2 Kf8 20. Kf1
Nb6 21. b3 h6 22. h3 Nd5 23. Re4 Rd8 24. g4 g5 25. Ne5 f6 26. Nd3 Kf7 27. f4
gxf4 28. Nxf4 Bxf4 29. Bxf4 Nc3 30. Re3 Nxa2 31. Bxh6 Rxd4 32. g5 fxg5 33. Bxg5
Rb4 34. h4 Rb5 35. Kf2 Nb4 36. Re7+ Kg6 37. Re6+ Kf5 38. Rf6+ Kg4 39. Rf4+ Kh5
40. Kg3 Nd5 41. Rf3 Rb4 42. Kh3 a5 43. Bd8 a4 44. bxa4 Rxa4 45. Rf5+ Kg6 46.
Rg5+ Kh6 47. Re5 Rc4 48. Bg5+ Kh7 49. h5 b5 50. Re6 b4 51. Rd6 Nf4+ 52. Bxf4
Rxf4 53. Rxc6 b3 54. Rb6 Rf3+ 55. Kg4 Rc3 1/2-1/2

[Event "WECU Championship"]
[Site "Exmouth"]
[Date "2005.03.26"]
[Round "4"]
[White "Hall, Daniel J"]
[Black "Dilleigh, Stephen P"]
[Result "1/2-1/2"]
[WhiteElo "2083"]
[BlackElo "2161"]
[PlyCount "74"]
[EventDate "2005.??.??"]

1. e4 e6 2. d4 d5 3. exd5 exd5 4. Bd3 c5 5. Qe2+ Be7 6. dxc5 Nf6 7. Nc3 O-O 8.
Bg5 Re8 9. O-O-O Be6 10. Nb5 Bxc5 11. Bxf6 Qxf6 12. Qf3 Qe7 13. Qg3 Na6 14. Nf3
Rac8 15. Rhe1 Nb4 16. Kb1 Nxd3 17. Rxd3 a6 18. Nbd4 Bd6 19. Qh4 Qxh4 20. Nxh4
Bd7 21. Rdd1 Rxe1 22. Rxe1 Re8 23. Rxe8+ Bxe8 24. Nhf3 Bd7 25. c3 f6 26. Kc2 g5
27. Kd3 Kf7 28. Nd2 Be6 29. Nf1 Bc5 30. Ne3 h5 31. f3 Bd6 32. h3 Bf4 33. g4
hxg4 34. hxg4 Be5 35. Nef5 Bxf5+ 36. Nxf5 Ke6 37. a4 Kd7 1/2-1/2

[Event "WECU Championship"]
[Site "Exmouth"]
[Date "2005.03.26"]
[Round "4"]
[White "Greely, Simon"]
[Black "Neat, Roger J"]
[Result "1-0"]
[WhiteElo "1752"]
[BlackElo "1624"]
[PlyCount "45"]
[EventDate "2005.??.??"]

1. d4 d5 2. Nf3 Nf6 3. c4 e6 4. Bf4 Be7 5. e3 O-O 6. Nc3 c6 7. Bd3 h6 8. h3
Nbd7 9. cxd5 exd5 10. O-O Re8 11. a3 a5 12. Qc2 Bf8 13. Rab1 b5 14. b4 Bb7 15.
Rfe1 axb4 16. axb4 Qb6 17. Bf5 Ra3 18. g4 Bc8 19. h4 Qd8 20. g5 Nh5 21. Bh2 Be7
22. Nxd5 cxd5 23. Bc7 1-0

[Event "WECU Championship"]
[Site "Exmouth"]
[Date "2005.03.27"]
[Round "5"]
[White "Neat, Roger J"]
[Black "Wynarczyk, Raymond"]
[Result "1/2-1/2"]
[WhiteElo "1624"]
[BlackElo "1808"]
[PlyCount "49"]
[EventDate "2005.??.??"]

1. d4 Nf6 2. Nf3 d5 3. Bf4 e6 4. e3 c5 5. c3 Nc6 6. Nbd2 Be7 7. Bd3 a6 8. a4 b6
9. h3 Bb7 10. O-O Rc8 11. Re1 O-O 12. Ne5 Nxe5 13. Bxe5 Bd6 14. f4 Bxe5 15.
fxe5 Ne4 16. Bxe4 dxe4 17. Nc4 f6 18. Nd6 Rc7 19. Nxb7 Rxb7 20. exf6 Rxf6 21.
Qe2 a5 22. dxc5 bxc5 23. Red1 Qb8 24. Rd2 Rbf7 25. Rad1 1/2-1/2

[Event "WECU Championship"]
[Site "Exmouth"]
[Date "2005.03.27"]
[Round "5"]
[White "Littlejohns, David P"]
[Black "Abbott, MV..."]
[Result "0-1"]
[WhiteElo "2077"]
[BlackElo "1824"]
[PlyCount "68"]
[EventDate "2005.??.??"]

1. e4 c5 2. Nc3 Nc6 3. g3 g6 4. Bg2 Bg7 5. d3 e6 6. f4 d6 7. Nf3 Nge7 8. O-O
O-O 9. Be3 Nd4 10. Qd2 Rb8 11. Rab1 b5 12. Ne2 Nxf3+ 13. Bxf3 Nc6 14. c3 b4 15.
e5 Bb7 16. d4 bxc3 17. bxc3 cxd4 18. cxd4 dxe5 19. Rxb7 Rxb7 20. Bxc6 Rc7 21.
Ba4 exd4 22. Nxd4 Bxd4 23. Bxd4 Rc4 24. Rd1 Rxa4 25. Qb2 Qa5 26. Rd2 Rc8 27.
Rf2 Qb4 28. Qxb4 Rxb4 29. Bxa7 Ra4 30. Bb6 Rca8 31. Rd2 Rxa2 32. Rd7 Rb2 33.
Bf2 Ra1+ 34. Kg2 Raa2 0-1

[Event "WECU Championship"]
[Site "Exmouth"]
[Date "2005.03.27"]
[Round "5"]
[White "Taylor, Geoffrey P"]
[Black "Greely, Simon"]
[Result "1-0"]
[WhiteElo "2135"]
[BlackElo "1752"]
[PlyCount "72"]
[EventDate "2005.??.??"]

1. e4 e5 2. Nf3 Nc6 3. Bc4 Nf6 4. d3 Be7 5. O-O d6 6. c3 Na5 7. Bb5+ c6 8. Ba4
b5 9. Bc2 Bg4 10. d4 Qc7 11. a4 O-O 12. axb5 cxb5 13. Qd3 Bxf3 14. Qxf3 exd4
15. Qd3 Nc6 16. f4 g6 17. Qxb5 dxc3 18. Nxc3 Nd4 19. Qd3 Nxc2 20. Qxc2 d5 21.
e5 d4 22. exf6 Bxf6 23. Ra6 Bg7 24. f5 gxf5 25. Qxf5 dxc3 26. bxc3 Qe5 27. Qxe5
Bxe5 28. Rf3 Rfc8 29. Bd2 Rc4 30. g3 Rd8 31. Be1 Rdc8 32. Rxa7 Bxc3 33. Bxc3
Rxc3 34. Rfxf7 Rc2 35. Rxh7 Rb8 36. Rhb7 Rcc8 {The remainder of the score
cannot be deciphered.} 1-0

[Event "WECU Championship"]
[Site "Exmouth"]
[Date "2005.03.27"]
[Round "5"]
[White "Turner, Matthew J"]
[Black "Hall, Daniel J"]
[Result "1-0"]
[WhiteElo "2499"]
[BlackElo "2083"]
[PlyCount "63"]
[EventDate "2005.??.??"]

1. Nf3 Nf6 2. c4 g6 3. g3 Bg7 4. Bg2 O-O 5. d4 d6 6. O-O c5 7. Nc3 Na6 8. h3
Rb8 9. b3 Bd7 10. Bb2 b5 11. cxb5 Bxb5 12. dxc5 Nxc5 13. Nxb5 Rxb5 14. Nd4 Rb6
15. b4 Nce4 16. Qc2 d5 17. b5 Qd7 18. a4 Rc8 19. Nc6 Rbxc6 20. bxc6 Rxc6 21.
Qd3 Rc4 22. Rfc1 Rb4 23. Ra2 Qb7 24. Ba1 Rb3 25. Qd1 Rb4 26. Rac2 h6 27. Rc7
Qb6 28. e3 e6 29. Bd4 Qa5 30. Rxa7 Qd8 31. Rcc7 Qb8 32. Qc2 1-0

[Event "WECU Championship"]
[Site "Exmouth"]
[Date "2005.03.27"]
[Round "5"]
[White "Bonafont, PR..."]
[Black "Rudd, Jack"]
[Result "0-1"]
[WhiteElo "2113"]
[BlackElo "2291"]
[PlyCount "40"]
[EventDate "2005.??.??"]

1. d4 Nf6 2. Nf3 e6 3. c4 c5 4. d5 b5 5. dxe6 fxe6 6. cxb5 d5 7. Nc3 Bb7 8. e4
d4 9. e5 Nfd7 10. Na4 Be7 11. Bc4 O-O 12. Bxe6+ Kh8 13. Bd2 Rxf3 14. gxf3 Nxe5
15. Qc2 Nxf3+ 16. Kd1 d3 17. Qc3 Nxd2 18. Rg1 Bg5 19. Bg4 Ne4 20. Qe1 Qd4 0-1

[Event "WECU Championship"]
[Site "Exmouth"]
[Date "2005.03.27"]
[Round "5"]
[White "Bolt, G..."]
[Black "Wismayer, Clive R"]
[Result "1/2-1/2"]
[WhiteElo "2114"]
[BlackElo "2127"]
[PlyCount "94"]
[EventDate "2005.??.??"]

1. e4 e6 2. d4 d5 3. Nc3 dxe4 4. Nxe4 Bd7 5. Nf3 Bc6 6. Bd3 Nd7 7. O-O Ngf6 8.
Qe2 Bxe4 9. Bxe4 Nxe4 10. Qxe4 c6 11. Bg5 Be7 12. Bxe7 Qxe7 13. c3 Nf6 14. Qh4
O-O 15. Rfe1 Rfd8 16. Re5 Rac8 17. Rae1 c5 18. h3 h6 19. Qg3 cxd4 20. Nxd4 Qc7
21. Qf3 a6 22. g4 Rd5 23. Qe3 Qxe5 24. Qxe5 Rxe5 25. Rxe5 Nd5 26. Re4 g5 27.
Ne2 b5 28. Kg2 Kg7 29. a4 f6 30. axb5 axb5 31. Kf3 Rc7 32. Nd4 Rc5 33. Nb3 Rc8
34. Nd4 Rb8 35. Nc6 Rb6 36. Nb4 Nf4 37. h4 Ng6 38. hxg5 hxg5 39. Ke3 Nf4 40.
Kf3 Rb8 41. Rd4 Rh8 42. Rd2 Rh4 43. Nc6 Rh3+ 44. Ke4 Rh4 45. Kf3 Ng6 46. Rd4
Nf4 47. Rd2 Rh3+ 1/2-1/2

[Event "WECU Championship"]
[Site "Exmouth"]
[Date "2005.03.27"]
[Round "5"]
[White "Dilleigh, Stephen P"]
[Black "Bass, JW..."]
[Result "1-0"]
[WhiteElo "2161"]
[BlackElo "2102"]
[PlyCount "45"]
[EventDate "2005.??.??"]

1. d4 d5 2. c4 dxc4 3. e3 Nf6 4. Bxc4 e6 5. Nf3 c5 6. O-O a6 7. dxc5 Qc7 8. Qe2
Bxc5 9. e4 e5 10. Bg5 Nbd7 11. Nbd2 b5 12. Bd3 Bb7 13. Rac1 Qb6 14. a4 bxa4 15.
Nc4 Qe6 16. Na5 Rb8 17. Bxf6 Qxf6 18. Nxb7 Rxb7 19. Bxa6 Ra7 20. Bb5 Qe7 21.
Rfd1 Bb6 22. Bxd7+ Rxd7 23. Qb5 1-0

[Event "WECU Championship"]
[Site "Exmouth"]
[Date "2005.03.27"]
[Round "5"]
[White "Jaques, Andrew"]
[Black "Gosling, Brian GE"]
[Result "1/2-1/2"]
[WhiteElo "1864"]
[BlackElo "2096"]
[PlyCount "89"]
[EventDate "2005.??.??"]

1. e4 e6 2. d4 d5 3. Nd2 dxe4 4. Nxe4 Nf6 5. Bd3 Nbd7 6. Nf3 Nxe4 7. Bxe4 Nf6
8. Bd3 c5 9. O-O cxd4 10. Nxd4 Bc5 11. Nf3 O-O 12. Bg5 b6 13. Qe2 Qe7 14. Bxf6
gxf6 15. Qe4 f5 16. Qh4 f6 17. Bc4 Kh8 18. Rad1 e5 19. Rd2 e4 20. Nd4 f4 21.
Ne6 Bxe6 22. Bxe6 Rad8 23. Rxd8 Qxd8 24. Bf5 Qe7 25. Rd1 e3 26. fxe3 fxe3 27.
Kh1 e2 28. Re1 Rd8 29. Bxh7 Rd1 30. Bd3+ Kg8 31. Bc4+ Kg7 32. Qg3+ Kh6 33. Qh4+
Kg7 34. Bd3 Rxe1+ 35. Qxe1 Qe3 36. Bxe2 Kf8 37. Qf1 Kg7 38. Qd1 a5 39. b3 Bd4
40. Bd3 Kh6 41. Qf1 Kg7 42. Bf5 Be5 43. g3 Qd4 44. Kg2 Qd2+ 45. Kh3 1/2-1/2

[Event "WECU Championship"]
[Site "Exmouth"]
[Date "2005.03.27"]
[Round "5"]
[White "Evans, Paul"]
[Black "Ponter, Ian P"]
[Result "1-0"]
[WhiteElo "1904"]
[BlackElo "2047"]
[PlyCount "61"]
[EventDate "2005.??.??"]

1. e4 e5 2. Nc3 Nf6 3. Bc4 Nxe4 4. Qh5 Nd6 5. Bb3 Be7 6. Nf3 Nc6 7. Nxe5 O-O 8.
Nxc6 dxc6 9. d3 Bf5 10. Bf4 Bg6 11. Qg4 Bf6 12. O-O Bf5 13. Qf3 Qd7 14. h3 Rae8
15. Rfe1 Bg6 16. g4 a5 17. Na4 Rxe1+ 18. Rxe1 Re8 19. Re2 b6 20. Bxd6 Rxe2 21.
Qxe2 Qxd6 22. Qe8+ Qf8 23. Qxc6 Qd8 24. Nc3 h6 25. h4 Qd4 26. Qe8+ Kh7 27. Ne4
Bxe4 28. Bxf7 Qd8 29. Qxe4+ Kh8 30. g5 hxg5 31. Qg6 1-0

[Event "WECU Championship"]
[Site "Exmouth"]
[Date "2005.03.27"]
[Round "6"]
[White "Rudd, Jack"]
[Black "Dilleigh, Stephen P"]
[Result "1-0"]
[WhiteElo "2291"]
[BlackElo "2161"]
[PlyCount "111"]
[EventDate "2005.??.??"]

1. d4 Nf6 2. c4 g6 3. Nc3 Bg7 4. Nf3 O-O 5. Bf4 d6 6. h3 Nfd7 7. e4 e5 8. dxe5
Nxe5 9. Nxe5 Bxe5 10. Bxe5 dxe5 11. Qxd8 Rxd8 12. Nd5 Na6 13. O-O-O Be6 14. Be2
c6 15. Nc3 Kf8 16. a3 Ke7 17. b4 Rxd1+ 18. Rxd1 Rd8 19. Rxd8 Kxd8 20. Kd2 Nb8
21. Ke3 Nd7 22. c5 a5 23. h4 axb4 24. axb4 b6 25. cxb6 Nxb6 26. g3 Ke7 27. f4
f6 28. Bd3 Bb3 29. f5 Kf7 30. Ba6 Nc4+ 31. Kf2 Nd6 32. Bd3 Ke7 33. g4 Bf7 34.
Bc2 Be8 35. Bb3 Bf7 36. Ba4 Be8 37. Kf3 Nc8 38. fxg6 hxg6 39. Ke3 Nb6 40. Bb3
Bd7 41. h5 gxh5 42. gxh5 Be6 43. Bxe6 Kxe6 44. Kd3 f5 45. h6 fxe4+ 46. Nxe4 Kf7
47. h7 Kg7 48. Nf6 Nc8 49. Ke4 Nd6+ 50. Kxe5 Nf7+ 51. Ke6 Nh8 52. Nd7 Kxh7 53.
Ne5 Kg7 54. Nxc6 Ng6 55. b5 Nf4+ 56. Kd6 1-0

[Event "WECU Championship"]
[Site "Exmouth"]
[Date "2005.03.27"]
[Round "6"]
[White "Ponter, Ian P"]
[Black "Littlejohns, David P"]
[Result "0-1"]
[WhiteElo "2047"]
[BlackElo "2077"]
[PlyCount "111"]
[EventDate "2005.??.??"]

1. e4 c6 2. d4 d5 3. e5 Bf5 4. Nc3 e6 5. g4 Bg6 6. Nge2 h5 7. Nf4 Ne7 8. Nxh5
Bxh5 9. gxh5 Nf5 10. Bh3 Qh4 11. Bxf5 exf5 12. h6 g6 13. Qe2 Bxh6 14. Bxh6 Rxh6
15. O-O-O Nd7 16. e6 Nb6 17. Rhe1 Qf4+ 18. Kb1 f6 19. e7 Qd6 20. Rd3 Rh7 21.
Re3 Nc8 22. Re6 Qd7 23. Na4 b6 24. c4 Rxe7 25. cxd5 cxd5 26. Rxe7+ Nxe7 27. Nc3
Kf7 28. Qf3 Rc8 29. h4 Rh8 30. Qg3 f4 31. Qxf4 Qf5+ 32. Qxf5 Nxf5 33. Rh1 Rxh4
34. Rxh4 Nxh4 35. Kc2 Ke6 36. Kd3 Nf5 37. b4 Nd6 38. Ne2 g5 39. Ng1 Nc4 40. Nf3
Kf5 41. Ng1 Nd6 42. Ne2 g4 43. Ke3 Ne4 44. Nc1 Kg5 45. Nd3 Kf5 46. a3 Nc3 47.
Nb2 Kg5 48. Nd3 f5 49. Ne5 f4+ 50. Kd3 Ne4 51. f3 Nf2+ 52. Ke2 g3 53. Nc6 Nd3
54. Kf1 Kh4 55. Kg1 Kh3 56. Nxa7 0-1

[Event "WECU Championship"]
[Site "Exmouth"]
[Date "2005.03.27"]
[Round "6"]
[White "Taylor, Geoffrey P"]
[Black "Bolt, G..."]
[Result "1/2-1/2"]
[WhiteElo "2135"]
[BlackElo "2114"]
[PlyCount "31"]
[EventDate "2005.??.??"]

1. e4 c5 2. Nf3 Nc6 3. d4 cxd4 4. Nxd4 Nf6 5. Nc3 e6 6. Bg5 Bb4 7. Nxc6 bxc6 8.
Bd3 Qa5 9. Bd2 Qc7 10. O-O e5 11. Nb5 cxb5 12. Bxb4 a5 13. Bd2 Ba6 14. Qe2 O-O
15. a4 Bb7 16. axb5 1/2-1/2

[Event "WECU Championship"]
[Site "Exmouth"]
[Date "2005.03.27"]
[Round "6"]
[White "Wynarczyk, Raymond"]
[Black "Evans, Paul"]
[Result "1-0"]
[WhiteElo "1808"]
[BlackElo "1904"]
[PlyCount "87"]
[EventDate "2005.??.??"]

1. e4 e5 2. Nf3 Nf6 3. Nxe5 d6 4. Nf3 Nxe4 5. Qe2 Qe7 6. d3 Nf6 7. Bg5 Qxe2+ 8.
Bxe2 Be7 9. Nc3 c6 10. O-O-O Na6 11. Ne4 Nxe4 12. dxe4 Bxg5+ 13. Nxg5 h6 14.
Nf3 Nc5 15. Rhe1 Ke7 16. Nd4 g6 17. Nb3 Nxb3+ 18. axb3 b5 19. Rd4 c5 20. Rd3
Bb7 21. Bf3 Rad8 22. c4 bxc4 23. bxc4 Rhe8 24. e5 Bxf3 25. exd6+ Kd7 26. Rxe8
Kxe8 27. Re3+ Kd7 28. Rxf3 f5 29. Ra3 Kxd6 30. Rxa7 Ke5 31. Ra6 Rg8 32. Kd2 h5
33. Kc3 g5 34. Rc6 f4 35. f3 g4 36. Rxc5+ Kf6 37. Rxh5 gxf3 38. gxf3 Kg6 39.
Rd5 Rh8 40. b4 Rh3 41. Rd3 Rxh2 42. c5 Rh1 43. Kc4 Kf6 44. c6 1-0

[Event "WECU Championship"]
[Site "Exmouth"]
[Date "2005.03.27"]
[Round "6"]
[White "Wismayer, Clive R"]
[Black "Turner, Matthew J"]
[Result "0-1"]
[WhiteElo "2127"]
[BlackElo "2499"]
[PlyCount "80"]
[EventDate "2005.??.??"]

1. Nf3 Nf6 2. c4 c5 3. g3 g6 4. b3 Bg7 5. Bb2 Nc6 6. Bg2 O-O 7. O-O d6 8. d3 a6
9. Nc3 Rb8 10. Rc1 b5 11. Qd2 Bd7 12. Nd5 e5 13. Rfd1 Nxd5 14. cxd5 Ne7 15. e3
Nxd5 16. Nxe5 dxe5 17. Bxd5 Bg4 18. f3 Qxd5 19. fxg4 Bh6 20. Qe2 Rfd8 21. e4
Qd6 22. Rc2 c4 23. bxc4 bxc4 24. d4 Qb6 25. Kg2 exd4 26. Qxc4 Qb7 27. Qd3 Be3
28. Re2 Qa8 29. Ba1 Rbc8 30. Kh3 h6 31. Bb2 Kh7 32. Rf1 Rc7 33. Rf6 Qc8 34. e5
h5 35. e6 hxg4+ 36. Kxg4 Re8 37. Kf3 Qb7+ 38. Kg4 Rxe6 39. Rxe6 fxe6 40. Bxd4
Qd5 0-1

[Event "WECU Championship"]
[Site "Exmouth"]
[Date "2005.03.27"]
[Round "6"]
[White "Bass, JW..."]
[Black "Gosling, Brian GE"]
[Result "1/2-1/2"]
[WhiteElo "2102"]
[BlackElo "2096"]
[PlyCount "49"]
[EventDate "2005.??.??"]

1. d4 d5 2. Nf3 c6 3. g3 Nf6 4. Bg2 g6 5. O-O Bg7 6. Nbd2 O-O 7. c4 dxc4 8.
Nxc4 Be6 9. Ne3 h6 10. Qc2 Na6 11. Bd2 c5 12. dxc5 Rc8 13. Bc3 Rxc5 14. Rfd1
Qc8 15. Nd4 Nd5 16. Nxd5 Bxd5 17. Nb3 Bxb3 18. Qxb3 Bxc3 19. Bxb7 Qc7 20. Bxa6
Rb8 21. Qa4 Bxb2 22. Rab1 Qe5 23. Qf4 Kg7 24. Qxe5+ Bxe5 25. Rxb8 1/2-1/2

[Event "WECU Championship"]
[Site "Exmouth"]
[Date "2005.03.27"]
[Round "6"]
[White "Abbott, MV..."]
[Black "Bonafont, PR..."]
[Result "0-1"]
[WhiteElo "1824"]
[BlackElo "2113"]
[PlyCount "84"]
[EventDate "2005.??.??"]

1. d4 Nf6 2. c4 e6 3. Nc3 Bb4 4. e3 c5 5. Bd3 Nc6 6. Nge2 cxd4 7. exd4 d5 8.
Bg5 O-O 9. O-O dxc4 10. Bxc4 b6 11. a3 Be7 12. Bxf6 Bxf6 13. d5 Na5 14. Ba2
exd5 15. Bxd5 Rb8 16. b4 Nb7 17. Qb3 Nd6 18. Rad1 Bg4 19. Rfe1 Qc7 20. f3 Bf5
21. Nd4 Bg6 22. Ndb5 Nxb5 23. Nxb5 Qf4 24. g3 Qg5 25. Nxa7 Rbe8 26. Nc6 h5 27.
f4 Qf5 28. Ne5 Bxe5 29. fxe5 Rxe5 30. Rxe5 Qxe5 31. Qf3 Rc8 32. Rf1 Rc7 33. Rf2
Kh7 34. Qf4 Qe7 35. Kg2 f6 36. Rf3 Rc2+ 37. Rf2 Rc3 38. Rf3 Qe2+ 39. Rf2 Qd3
40. Rd2 Rc2 41. Rxc2 Qxd5+ 42. Kg1 Qd1+ 0-1

[Event "WECU Championship"]
[Site "Exmouth"]
[Date "2005.03.27"]
[Round "6"]
[White "Greely, Simon"]
[Black "Woodruff, Adam C"]
[Result "1-0"]
[WhiteElo "1752"]
[BlackElo "1888"]
[PlyCount "91"]
[EventDate "2005.??.??"]

1. d4 Nf6 2. c4 e5 3. dxe5 Ne4 4. Nf3 Nc6 5. Nbd2 Nc5 6. g3 Qe7 7. Bg2 Nxe5 8.
O-O a5 9. Nxe5 Qxe5 10. Nf3 Qh5 11. b3 Be7 12. Bb2 O-O 13. Qd3 Qg6 14. Rac1 d6
15. Qd2 h5 16. h4 Bg4 17. Bd4 Ne4 18. Qf4 a4 19. b4 Qe6 20. Ng5 Nxg5 21. hxg5
Qg6 22. Qe4 Qxe4 23. Bxe4 Bxg5 24. f4 Be7 25. b5 d5 26. Bxd5 Ba3 27. Rc2 Rad8
28. Be5 Bd6 29. Bxd6 Rxd6 30. Bxb7 Re8 31. e4 Rd3 32. Kf2 a3 33. Bd5 Rf3+ 34.
Kg2 Rd3 35. Rfc1 Bf3+ 36. Kf2 Bxe4 37. Re2 Rf3+ 38. Ke1 Rxg3 39. Bxe4 Kf8 40.
Rd1 Rg1+ 41. Kd2 Rg4 42. Bd5 Rd8 43. Rf1 g5 44. fxg5 Rxg5 45. Rxf7+ Kg8 46.
Ree7 1-0

[Event "WECU Championship"]
[Site "Exmouth"]
[Date "2005.03.27"]
[Round "6"]
[White "Hall, Daniel J"]
[Black "Jaques, Andrew"]
[Result "1/2-1/2"]
[WhiteElo "2083"]
[BlackElo "1864"]
[PlyCount "96"]
[EventDate "2005.??.??"]

1. e4 c6 2. d4 d5 3. exd5 cxd5 4. Bd3 Nc6 5. c3 Qc7 6. g3 e6 7. Bf4 Bd6 8. Bxd6
Qxd6 9. Nf3 Nf6 10. Nbd2 O-O 11. O-O e5 12. dxe5 Nxe5 13. Be2 Nxf3+ 14. Bxf3
Qb6 15. Nb3 Be6 16. Qd4 Qc7 17. Rfe1 b6 18. Qe5 Qxe5 19. Rxe5 Nd7 20. Re2 Rac8
21. Rd1 Nf6 22. Nd4 Bd7 23. Kg2 Rfe8 24. Rxe8+ Rxe8 25. Ne2 g5 26. Nd4 Ne4 27.
Be2 Bh3+ 28. Kg1 Bd7 29. Bb5 Bxb5 30. Nxb5 Nf6 31. Kf1 a5 32. Re1 Kg7 33. Nd6
Rxe1+ 34. Kxe1 Ng4 35. a4 Nxh2 36. Nc8 Kf6 37. Nxb6 Ke6 38. b4 axb4 39. cxb4
Nf3+ 40. Ke2 Nd4+ 41. Kd3 Nc6 42. b5 Na5 43. Kd4 h5 44. Nxd5 Nb3+ 45. Kc4 Na5+
46. Kc5 Nb3+ 47. Kc6 Nd4+ 48. Kc5 Nb3+ 1/2-1/2

[Event "WECU Championship"]
[Site "Exmouth"]
[Date "2005.03.28"]
[Round "7"]
[White "Jaques, Andrew"]
[Black "Greely, Simon"]
[Result "1-0"]
[WhiteElo "1864"]
[BlackElo "1752"]
[PlyCount "71"]
[EventDate "2005.??.??"]

1. e4 e5 2. Bc4 Nf6 3. d4 exd4 4. Nf3 Bc5 5. O-O Nc6 6. e5 d5 7. exf6 dxc4 8.
Re1+ Be6 9. Ng5 Qd5 10. Nc3 Qf5 11. Nce4 O-O-O 12. g4 Qd5 13. fxg7 Rhg8 14. Nf6
Qd6 15. Nxg8 Rxg8 16. Ne4 Qe5 17. Bh6 Bb6 18. Qf3 Rxg7 19. Bxg7 Qxg7 20. Nf6
Qg6 21. Re4 d3 22. c3 h5 23. h3 Qg5 24. Nxh5 Qd2 25. Rae1 Qxb2 26. Ng7 Qxc3 27.
Nxe6 fxe6 28. Rxe6 Nd8 29. Re8 Qd4 30. R1e4 Qa1+ 31. Kg2 c6 32. Qf5+ Kb8 33.
Qd7 a6 34. Rxd8+ Bxd8 35. Qxd8+ Ka7 36. Rxc4 1-0

[Event "WECU Championship"]
[Site "Exmouth"]
[Date "2005.03.28"]
[Round "7"]
[White "Hall, Daniel J"]
[Black "Bass, JW..."]
[Result "1-0"]
[WhiteElo "2083"]
[BlackElo "2102"]
[PlyCount "55"]
[EventDate "2005.??.??"]

1. e4 c5 2. Nc3 Nc6 3. g3 g6 4. Bg2 Bg7 5. d3 e6 6. Be3 d6 7. Nge2 Nge7 8. d4
cxd4 9. Nxd4 Nxd4 10. Bxd4 Bxd4 11. Qxd4 e5 12. Qd2 Qb6 13. O-O-O O-O 14. Qxd6
Nc6 15. Qf6 Be6 16. h4 h5 17. f4 Qf2 18. f5 Rad8 19. Nd5 Bxd5 20. Rd2 Qxg3 21.
exd5 Nd4 22. c3 Rc8 23. Kb1 Nxf5 24. Bh3 Qf4 25. Bxf5 Qxd2 26. Rg1 Qh6 27. Bxg6
Qg7 28. Bh7+ 1-0

[Event "WECU Championship"]
[Site "Exmouth"]
[Date "2005.03.28"]
[Round "7"]
[White "Littlejohns, David P"]
[Black "Rudd, Jack"]
[Result "0-1"]
[WhiteElo "2077"]
[BlackElo "2291"]
[PlyCount "124"]
[EventDate "2005.??.??"]

1. e4 e5 2. Nf3 Nc6 3. Bb5 a6 4. Bxc6 dxc6 5. d4 exd4 6. Qxd4 Qxd4 7. Nxd4 c5
8. Ne2 Bd7 9. Bf4 O-O-O 10. Nbc3 Bc6 11. f3 c4 12. Be3 Ne7 13. Kf2 Ng6 14. Rhd1
Be7 15. Rxd8+ Rxd8 16. Rd1 Rxd1 17. Nxd1 Ba4 18. b3 cxb3 19. axb3 Bd7 20. Nc1
f5 21. exf5 Bxf5 22. c3 Bf6 23. Bd2 Ne5 24. Ne3 Nd3+ 25. Nxd3 Bxd3 26. f4 Be4
27. g4 a5 28. Nc4 b6 29. g5 Be7 30. Be3 Bc2 31. Nd2 b5 32. Bd4 g6 33. Ke3 Kd7
34. Ne4 Ke6 35. c4 c6 36. cxb5 cxb5 37. Bb6 Kf5 38. Ng3+ Kg4 39. Bxa5 Bc5+ 40.
Kd2 Bxb3 41. Bc7 b4 42. Ne4 Bg1 43. Nf6+ Kf5 44. Nxh7 Bxh2 45. Nf8 Bf7 46. Kc2
Bg1 47. Be5 Be8 48. Kb3 Bc5 49. Nh7 Bf7+ 50. Kb2 Ke4 51. Nf6+ Kf3 52. Nd7 Be3
53. Nf8 Ke2 54. Nd7 Kd1 55. Nb8 Bc1+ 56. Kb1 Bd5 57. Na6 b3 58. Nb4 Be4+ 59.
Ka1 Ba3 60. Na6 Kc1 61. Nc7 Bb1 62. Bb2+ Bxb2# 0-1

[Event "WECU Championship"]
[Site "Exmouth"]
[Date "2005.03.28"]
[Round "7"]
[White "Woodruff, Adam C"]
[Black "Wynarczyk, Raymond"]
[Result "1-0"]
[WhiteElo "1888"]
[BlackElo "1808"]
[PlyCount "67"]
[EventDate "2005.??.??"]

1. e4 c5 2. c3 d5 3. exd5 Qxd5 4. d4 cxd4 5. cxd4 Nc6 6. Nf3 Bg4 7. Be2 e6 8.
O-O Nf6 9. Nc3 Qd7 10. Qb3 Be7 11. Ne5 Nxd4 12. Nxd7 Nxb3 13. Nxf6+ Bxf6 14.
axb3 Bxe2 15. Nxe2 O-O 16. Nc3 Rfc8 17. Bd2 Rd8 18. Be3 a6 19. Rad1 Rdc8 20.
Rd2 b5 21. Rfd1 h5 22. Rd3 b4 23. Na4 Rc2 24. R1d2 Rac8 25. g3 Rc1+ 26. Kg2 h4
27. Nb6 R8c2 28. Nc4 a5 29. Rd8+ Kh7 30. Ra8 hxg3 31. hxg3 Rxd2 32. Bxd2 Rc2
33. Rxa5 Bxb2 34. Ra2 1-0